|
|
|
|
| LEADER |
00000cam a22000004a 4500 |
| 001 |
musev2_47396 |
| 003 |
MdBmJHUP |
| 005 |
20230905044930.0 |
| 006 |
m o d |
| 007 |
cr||||||||nn|n |
| 008 |
100423r19841936azu o 00 0 eng d |
| 020 |
|
|
|a 9780816533114
|
| 020 |
|
|
|z 9780816508631
|
| 020 |
|
|
|z 9780816535705
|
| 035 |
|
|
|a (OCoLC)609218892
|
| 040 |
|
|
|a MdBmJHUP
|c MdBmJHUP
|
| 100 |
1 |
|
|a Bolton, Herbert Eugene,
|d 1870-1953.
|
| 245 |
1 |
0 |
|a Rim of Christendom :
|b A Biography of Eusebio Francisco Kino, Pacific Coast Pioneer /
|c Herbert Eugene Bolton ; foreword by John L. Kessell.
|
| 264 |
|
1 |
|a Tucson, Ariz. :
|b University of Arizona Press,
|c 1984.
|
| 264 |
|
3 |
|a Baltimore, Md. :
|b Project MUSE,
|c 2017
|
| 264 |
|
4 |
|c ©1984.
|
| 300 |
|
|
|a 1 online resource (714 pages):
|b illustrations, maps
|
| 336 |
|
|
|a text
|b txt
|2 rdacontent
|
| 337 |
|
|
|a computer
|b c
|2 rdamedia
|
| 338 |
|
|
|a online resource
|b cr
|2 rdacarrier
|
| 505 |
0 |
|
|a The Jesuits in New Spain -- A dream of the orient -- The way to the Indies -- Old Mexico -- Preliminaries -- La Paz -- San Bruno -- Farther afield -- Pioneer life -- Preparing for a great adventure -- First across the peninsula -- California in the balance -- The balance tips -- A new world calls -- In Pima land -- Wider horizons -- Rebellion in the valley of the altar -- Account rendered -- Storm center of Pima land -- The north people -- Kino is vindicated -- The northwest people -- The Camino del Diablo -- The blue shells -- Kino and Salvatierra join hands -- California no es isla -- New ranches and temples -- Sons of Italy -- The California problem once more -- With spirit undaunted.
|
| 588 |
|
|
|a Description based on print version record.
|
| 600 |
1 |
7 |
|a Kino, Eusebio Francisco,
|d 1644-1711.
|2 fast
|0 (OCoLC)fst00016609
|
| 600 |
1 |
1 |
|a Kino, Eusebio Francisco,
|d 1644-1711.
|
| 600 |
1 |
0 |
|a Kino, Eusebio Francisco,
|d 1644-1711.
|
| 610 |
2 |
7 |
|a Jesuits.
|2 fast
|0 (OCoLC)fst00532143
|
| 610 |
2 |
0 |
|a Jesuits
|z Southwest, New
|v Biography.
|
| 650 |
|
7 |
|a Pima Indians
|x Missions.
|2 fast
|0 (OCoLC)fst01064155
|
| 650 |
|
7 |
|a Indians of North America
|x Missions.
|2 fast
|0 (OCoLC)fst00969849
|
| 650 |
|
7 |
|a Explorers.
|2 fast
|0 (OCoLC)fst00918556
|
| 650 |
|
7 |
|a BIOGRAPHY & AUTOBIOGRAPHY
|x Adventurers & Explorers.
|2 bisacsh
|
| 650 |
|
6 |
|a Explorateurs
|z Espagne
|x Biographies.
|
| 650 |
|
6 |
|a Pima (Indiens)
|x Missions.
|
| 650 |
|
0 |
|a Explorers
|z Spain
|x Biography.
|
| 650 |
|
0 |
|a Indians of North America
|x Missions
|z Southwest, New.
|
| 650 |
|
0 |
|a Pima Indians
|x Missions.
|
| 650 |
|
0 |
|a Explorers
|z Spain
|v Biography.
|
| 650 |
|
0 |
|a Explorers
|z Southwest, New
|v Biography.
|
| 651 |
|
7 |
|a Spain.
|2 fast
|0 (OCoLC)fst01204303
|
| 651 |
|
7 |
|a New Southwest.
|2 fast
|0 (OCoLC)fst01244556
|
| 651 |
|
6 |
|a États-Unis (Nouveau Sud-Ouest)
|x Histoire
|y Jusqu'à 1848.
|
| 651 |
|
0 |
|a Southwest, New
|x History
|y To 1848.
|
| 655 |
|
7 |
|a Biographies.
|2 fast
|0 (OCoLC)fst01919896
|
| 655 |
|
7 |
|a History
|2 fast
|0 (OCoLC)fst01411628
|
| 655 |
|
7 |
|a Electronic books.
|2 local
|
| 710 |
2 |
|
|a Project Muse.
|e distributor
|
| 830 |
|
0 |
|a Book collections on Project MUSE.
|
| 856 |
4 |
0 |
|z Texto completo
|u https://projectmuse.uam.elogim.com/book/47396/
|
| 945 |
|
|
|a Project MUSE - Custom Collection
|
| 945 |
|
|
|a Project MUSE - Archive Complete Supplement V
|
| 945 |
|
|
|a Project MUSE - Archive History Supplement V
|